Patria / (Record no. 154856)

MARC details
000 -LEADER
campo de control de longitud fija 00519nam a22001695i 4500
001 - NÚMERO DE CONTROL
campo de control 154856
003 - IDENTIFICADOR DE NÚMERO DE CONTROL
campo de control ES-MaACL
005 - FECHA Y HORA DE LA ÚLTIMA TRANSACCIÓN
campo de control 20230906205859.0
008 - DATOS DE LONGITUD FIJA--INFORMACIÓN GENERAL
campo de control de longitud fija 040714s1896 po |||| | por d
040 ## - FUENTE DE CATALOGACIÓN
Centro catalogador/agencia de origen CAM
Lengua de catalogación spa
Centro/agencia transcriptor CAM
100 1# - ENTRADA PRINCIPAL--NOMBRE DE PERSONA
Nombre de persona Junqueiro, Guerra (
Fechas asociadas al nombre 1850-1923)
9 (RLIN) 60518
245 10 - MENCIÓN DEL TÍTULO
Título Patria /
Mención de responsabilidad, etc. Guerra Junqueiro.
250 ## - MENCION DE EDICION
Mención de edición 2ª ed.
260 ## - PUBLICACIÓN, DISTRIBUCIÓN, ETC.
Lugar de publicación, distribución, etc. Porto :
Nombre del editor, distribuidor, etc. Livraria Chardron,
Fecha de publicación, distribución, etc. 1896 (
Fabricante Imprensa Moderna)
300 ## - DESCRIPCIÓN FÍSICA
Extensión 232 p. ;
Dimensiones 18 cm.
852 ## - LOCALIZACIÓN
Ubicación ES-MaACL
Número de control de estantería D-1308
Nota libre -- Enc. hol. conservando la cub. original
Holdings
Estatus retirado Estado de pérdida Estado de daño No para préstamo Colección Biblioteca de origen Biblioteca actual Ubicación en estantería Fecha de adquisición Fuente de adquisición Total de préstamos Signatura topográfica completa Código de barras Visto por última vez Precio de reemplazo Tipo de ítem Koha
        Libros del s. XIX Biblioteca del Ateneo de Madrid Biblioteca del Ateneo de Madrid Sala Valle Inclán 17/01/2008     D-1308 901161980 23/02/2023 23/02/2023 Libro impreso antiguo